00978nam a22001457a 4500999001900000008004100019100002800060245004300088260003400131300003300165520048500198773003400683942000700717952010800724 c533164d533164260427b ||||| |||| 00| 0 eng d aChenoy, Anuradha960277 aTheory and practice of imperialism 3.0 aEconomic & Political Weekly  a61(9), Feb 28, 2026: p.10-11 aAdeclaration for recolonisation could not get more explicit than the United States’ (US) Secretary of State Marco Rubio’s speech to the European leaders during this year’s annual Munich Security Conference (13 February 2026). This speech follows sustained actions by the US exercising global dominance in strategic areas. The recent targets have been Cuba and Iran. –Reproduced https://www.epw.in/journal/2026/9/strategic-affairs/theory-and-practice-imperialism-30.html  aEconomic & Political Weekly  cAR 00102ddc40709408335aIIPAbIIPAd2026-04-27h61(9), Feb 28, 2026: p.10-11pAR138675r2026-04-27yAR